| 000 | 00933nas a2200301 4500 | ||
|---|---|---|---|
| 001 | BR2015007016 | ||
| 003 | BR-BrBNA | ||
| 005 | 20231205130029.0 | ||
| 007 | ta | ||
| 008 | 230509b bl.|||p| |||| 00| 00por d | ||
| 040 |
_aBR-BrBNA _bpor _cBiblioteca Nacional de Agricultura |
||
| 041 | _a(En) | ||
| 072 | _aQ04 | ||
| 100 | 1 | _aAlmeida, E.C. de | |
| 100 | 1 | _aMenezes, H. | |
| 245 | 1 | _aAnti-inflammatory activity of propolis extracts: a review | |
| 650 | _aPROPOLIS | ||
| 650 | _aPRODUTO DE ORIGEM ANIMAL | ||
| 650 | _aCOMPOSICAO DE ALIMENTO | ||
| 650 | _aABELHA | ||
| 650 | _aAPIS MELLIFERA | ||
| 650 | _aPROPRIEDADE FISICO-QUIMICA | ||
| 650 | _aMEDICAMENTO | ||
| 773 | 0 |
_tJournal of Venomous Animals and Toxins (Brazil) _xISSN 1678-4936 _g(2002), v. 8(2) p. 191-212 _wBR2015007016 |
|
| 856 | 4 | 0 | _uhttp://dx.doi.org/10.1590/S0104-79302002000200002 |
| 909 |
_a202311 _bLúcia _c55 _dLúcia Elande |
||
| 942 |
_2AGRIS _n0 _cANA |
||
| 999 |
_c247531 _d247531 |
||